| 000 | 00000nam##2200000za#4500 |
| 001 | 9.641170 |
| 003 | CaOODSP |
| 005 | 20250403105355 |
| 007 | cr ||||||||||| |
| 008 | 150407|1994||||xxc|||||o f|0| 0 fre|d |
| 040 | |aCaOODSP|bfre |
| 043 | |an-cn--- |
| 086 | 1 |aCS96-320/1994F-PDF |
| 245 | 00|aLes enfants et les jeunes : |h[ressource électronique]|bun aperçu / |cpar Don Kerr, Daniel Larrivée, Patricia Greenhaigh. Publié par Statistique Canada et Prentice Hall Canada Inc. |
| 246 | 1 |iDeuxième titre de série imprimé sur la couverture : |aLe Canada à l'étude |
| 260 | |aOttawa - Ontario : |bStatistique Canada |c1994. |
| 500 | |aPublication du recensement historique numérisé par Statistique Canada. |
| 590 | |a13-04-Supp|b2013-02-13 |
| 691 | 07|aDonnées du recensement|2gcpds |
| 691 | 07|aEnfant|2gcpds |
| 691 | 07|aJeunesse|2gcpds |
| 710 | 2 |aStatistique Canada. |
| 775 | 08|tChildren and youth : |w(CaOODSP)9.697102 |
| 856 | 40|ahttp://publications.gc.ca|qPDF|s7.1 Mo|uhttps://publications.gc.ca/collections/collection_2012/statcan/rh-hc/CS96-320-1994-fra.pdf |